| 000 -LEADER |
| fixed length control field |
00531nam a22001577a 4500 |
| 008 - FIXED-LENGTH DATA ELEMENTS--GENERAL INFORMATION |
| fixed length control field |
150611b xxu||||| |||| 00| 0 eng d |
| 040 0# - CATALOGING SOURCE |
| Original cataloging agency |
eng |
| 080 ## - UNIVERSAL DECIMAL CLASSIFICATION NUMBER |
| Universal Decimal Classification number |
45 |
| 245 00 - TITLE STATEMENT |
| Title |
The Vatican and Christian Rome / |
| Statement of responsibility, etc |
[by Alfons Stickler ... et al.]. |
| 260 ## - |
| -- |
Vatican City : |
| -- |
Libreria editrice vaticana, |
| -- |
c1975. |
| 300 ## - |
| -- |
398 f. : |
| -- |
me il. : |
| -- |
32 cm. |
| 650 #0 - |
| -- |
Art & Architecture |
| -- |
Italy |
| -- |
Rome |
| 650 #0 - |
| -- |
Art dhe Arkitekturë |
| -- |
Itali |
| -- |
Romë |
| 700 11 - |
| -- |
Stickler, Alphonso M. |
| -- |
1910-2007. |
| -- |
(Alphonso Maria), |
| 942 ## - ADDED ENTRY ELEMENTS (KOHA) |
| Source of classification or shelving scheme |
|
| Item type |
Books |